Наше місто превеселе (Запис № 17407)

000 -Маркер запису
Контрольне поле сталої довжини 01493nam a22002537a 4500
003 - Належність контрольного номера
Контрольне поле Uzh_bibl
008 - Кодовані дані
Контрольне поле сталої довжини 260420b |||||||| |||| 00| 0 ukr d
020 ## - Індекс ISBN
ISBN 978-617-501-121-8
Ціна 50.00
040 ## - Джерело каталогіз.
Код мови каталог. укр.
041 ## - Код мови видання
Код мови оригіналу українська
Код мови тексту українська
080 ## - Індекс УДК
Індекс УДК 908(477.87)087.5
090 ## - Шифри
Поличний індекс 908(477.87)087.5
Авторський знак П42
100 ## - Автор
Автор Повх, Лідія
245 ## - Назва
Назва Наше місто превеселе
Відповідальність Іл.О.Федоришиної
Фізичний носій Текст
260 ## - Вихідні дані
Місце видання Ужгород
Видавництво ТОВ "Іва"
Дата видання 2017
300 ## - Фізичний опис
Обсяг 46 с.
Ілл./тип відтвор. іл.
520 ## - Анотація
Анотація Зі сторінок цієї книжки яскраво проглядається силует прадавнього Ужгорода. Авторка наче бачить місто, життя в ньому та його історичні надбання очима сучасної дитини. Книжка відкриває красу в повсякденні та святі, навчає розуміти та бачити велике в детялях, закликає дитину любити та шанувати своє.
521 ## - Примітка про цільове призначення
Примітка про цільове призначення Для старшого дошкільного та молодшого шкільного віку
546 ## - Примітка про мову
Примітка про мову укр.
650 ## - Тематичні рубрики
Основна рубрика Краєзнавча література
Основна підрубрика Літературно-художнє видання
653 ## - Ключові слова
Ключові слова Що за радість
-- На будові
-- у пекарні
655 ## - Термін індексування — жанр/форма
Жанр/форма Художня література
Типове ділення Вірші
942 ## - ADDED ENTRY ELEMENTS (KOHA)
Джерело класифікації чи схема поличного розташування
Koha item type Книги
Фонди
Статус вилучення Статус втрати/відсутності Джерело класифікації чи схема поличного розташування Статус пошкодження Тип обігу (не для випозичання) Постійне розташування Поточне розташування Розташування у відділі Дата надходження Інвентарний номер Total Checkouts Повний (примірниковий) шифр зберігання Штрих-код Date last seen Дата, для якої чинна ціна заміни Тип одиниці (рівень примірника)
          Бібліотека-філія №2 Бібліотека-філія №2 Абонемент молодший відділ 20/04/2026 69183/4   908(477.87)087.5 19787 20/04/2026 20/04/2026 Книги

Працює на АБІС Коха